000 00724nam a22002177a 4500
005 20161128162356.0
010 _aENG-116684
020 _a9788184845549
_c1180.00
035 _aEN-100216
037 _bDBAD/PUB
082 _a658.408
100 _aGanesan,P.
245 _aCorporate social responsility :
_cby P. Ganesan, Naga Venkata J.Raghuram [and] Suresh Mariaselvam
_bstrategies, models and effectiveness /
260 _aNew Delhi
_bRegal Publications
_c2016
270 _aF-159 Rajouri Garden
_bNew Delhi
_e110027
300 _axxiv,264p. :
_c23cm(Hb)
_bill
500 _aIncludes index
700 _aNaga Venkata J.Raghuram
700 _aSuresh Mariaselvam
942 _2ddc
_cEN
_h658.408
_mGAN
999 _c104804
_d104804